| 000 | 00356nam a2200133Ia 4500 | ||
|---|---|---|---|
| 008 | 150201s2010 xx 000 0 und d | ||
| 082 |
_a610 _bB10D |
||
| 100 | _aDAVIEL,WAYNE W | ||
| 245 | _aBIOSTATISTICS :BASIC CONCEPTS & METHOLOGY H. SCIENCES | ||
| 250 | _a9TH | ||
| 260 |
_bJONES & BARTLETT _aDELHI _c2010 |
||
| 650 | _aCOMMUNITY MEDICINE | ||
| 942 |
_2ddc _cBK |
||
| 999 |
_c947 _d947 |
||